[Event "Henderson Trusts op-B 43rd"]
[Site "Henderson"]
[Date "2021.06.06"]
[Round "3"]
[White "Li, Andrew Geng"]
[Black "Wells, Clinton A"]
[Result "0-1"]
[WhiteElo "1644"]
[BlackElo "1844"]
[PlyCount "60"]
[EventDate "2021.06.05"]
[EventType "swiss"]
[EventRounds "6"]
[EventCountry "NZL"]
[SourceTitle "EXT 2024"]
[Source "ChessBase"]
[SourceDate "2023.10.10"]
[SourceVersion "1"]
[SourceVersionDate "2023.10.10"]
[SourceQuality "1"]

1. Nf3 b6 2. g3 Bb7 3. Bg2 e6 4. d4 Be7 5. c4 Nf6 6. Nc3 d6 7. 0-0 0-0 8. b4 d5 9. c5 a5 10. bxa5 bxc5 11. dxc5 Rxa5 12. Qb3 Bc6 13. Bd2 Ra8 14. Ne5 Nfd7 15. Nxc6 Nxc6 16. Be3 Na5 17. Qc2 Nc4 18. Nxd5 exd5 19. Bxd5 Nxe3 20. fxe3 Ra5 21. Rad1 Bxc5 22. Qc4 Qe7 23. Rxf7 Rxf7 24. Bxf7+ Kh8 25. Be6 Bd6 26. Rb1 Nb6 27. Qc3 Ra3 28. Bb3 Bc5 29. Rf1 Qxe3+ 30. Kg2 Qxc3 0-1

[Event "Auckland ACA Jenkins m"]
[Site "Auckland"]
[Date "2018.09.05"]
[Round "1.14"]
[White "Li, Andrew Geng"]
[Black "Power, Anthony"]
[Result "1-0"]
[WhiteElo "1668"]
[BlackElo "1661"]
[PlyCount "37"]
[EventDate "2018.09.05"]
[EventType "team-match"]
[EventRounds "1"]
[EventCountry "NZL"]
[SourceTitle "EXT 2024"]
[Source "ChessBase"]
[SourceDate "2023.10.10"]
[SourceVersion "1"]
[SourceVersionDate "2023.10.10"]
[SourceQuality "1"]
[WhiteTeam "North Shore"]
[BlackTeam "Howick Pakuranga"]
[WhiteTeamCountry "NZL"]
[BlackTeamCountry "NZL"]

1. Nf3 Nf6 2. Nc3 g6 3. e4 d6 4. d4 Bg7 5. Bf4 Nh5 6. Be3 0-0 7. Be2 Nf6 8. h4 c6 9. Qd2 b5 10. Bh6 b4 11. Nd1 Nxe4 12. Qf4 Nf6 13. h5 Nd5 14. Qd2 Nd7 15. Bxg7 Kxg7 16. hxg6 N7f6 17. Qh6+ Kg8 18. g7 Re8 19. Bd3 1-0

[Event "Auckland Morrison Memorial"]
[Site "Auckland"]
[Date "2016.10.23"]
[Round "4"]
[White "Zhang, Jasmine Haomo"]
[Black "Li, Andrew Geng"]
[Result "1-0"]
[WhiteElo "1791"]
[BlackElo "1426"]
[PlyCount "127"]
[EventDate "2016.10.21"]
[EventType "swiss"]
[EventRounds "6"]
[EventCountry "NZL"]
[SourceTitle "EXT 2018"]
[Source "ChessBase"]
[SourceDate "2017.10.13"]
[SourceVersion "1"]
[SourceVersionDate "2017.10.13"]
[SourceQuality "1"]

1. d4 d5 2. Bf4 Nf6 3. Nf3 c5 4. e3 a6 5. c3 Nc6 6. Bd3 c4 7. Bc2 e6 8. Nbd2 Bd6 9. Ne5 Bxe5 10. Bxe5 Nxe5 11. dxe5 Nd7 12. Qg4 g6 13. f4 f5 14. exf6 Qxf6 15. 0-0 Nc5 16. Nf3 Nd7 17. e4 h5 18. Qg5 Qxg5 19. Nxg5 Nf8 20. exd5 exd5 21. Rad1 Bg4 22. Rxd5 Ke7 23. Re1+ Kf6 24. Rd6+ Kg7 25. Re7+ Kg8 26. Be4 Nh7 27. Nxh7 Rxh7 28. Bd5+ Kh8 29. Rxh7+ Kxh7 30. Bxc4 Rf8 31. h3 Bc8 32. Bd3 Rg8 33. Kf2 b5 34. Be4 Rg7 35. Bd5 h4 36. Rf6 Kh6 37. Be4 Rg8 38. f5 Rd8 39. Rxg6+ Kh7 40. Ke2 Re8 41. Kf3 Rf8 42. f6 Bb7 43. Rg7+ Kh8 44. Rxb7 Rxf6+ 45. Ke3 Rf1 46. Rh7+ Kg8 47. Rxh4 Kg7 48. Rf4 Ra1 49. a3 Ra2 50. Rf2 a5 51. Bd3 b4 52. cxb4 axb4 53. Bc4 Ra1 54. Rf1 Rxf1 55. Bxf1 bxa3 56. bxa3 Kg6 57. a4 Kg5 58. a5 Kh4 59. a6 Kg3 60. a7 Kh2 61. a8Q Kg1 62. Qa2 Kh2 63. g3+ Kxg3 64. Qg2+ 1-0

[Event "Auckland Morrison Memorial"]
[Site "Auckland"]
[Date "2016.10.22"]
[Round "3"]
[White "Li, Andrew Geng"]
[Black "Jacobs, Hilton"]
[Result "1/2-1/2"]
[WhiteElo "1426"]
[BlackElo "1699"]
[PlyCount "117"]
[EventDate "2016.10.21"]
[EventType "swiss"]
[EventRounds "6"]
[EventCountry "NZL"]
[SourceTitle "EXT 2018"]
[Source "ChessBase"]
[SourceDate "2017.10.13"]
[SourceVersion "1"]
[SourceVersionDate "2017.10.13"]
[SourceQuality "1"]

1. e4 e6 2. d4 d5 3. exd5 exd5 4. Nc3 Nf6 5. Nf3 Bg4 6. h3 Bh5 7. Bf4 Bb4 8. a3 Bxc3+ 9. bxc3 Qe7+ 10. Qe2 Qxe2+ 11. Bxe2 c6 12. 0-0 0-0 13. Rfe1 Ne4 14. c4 Nd7 15. cxd5 cxd5 16. Ne5 Bxe2 17. Nxd7 Rfd8 18. Rxe2 Rxd7 19. f3 Nc3 20. Re3 Na4 21. Rae1 Kf8 22. h4 Nb6 23. h5 h6 24. g4 Nc4 25. Rb3 b6 26. g5 hxg5 27. Bxg5 f6 28. Be3 Kf7 29. h6 g5 30. Kf2 Rh8 31. f4 Nxe3 32. Kxe3 Rxh6 33. fxg5 fxg5 34. Rf1+ Kg7 35. Kd2 Rh4 36. Rd3 Rc7 37. Kc1 Rh2 38. Rd2 Rh3 39. Rf5 Rxa3 40. Rxg5+ Kf8 41. Rxd5 Rf3 42. Kb2 Kf7 43. Rh2 Kg6 44. Rg2+ Kf6 45. Re2 Rc6 46. Rd8 Rc7 47. Ree8 Rf7 48. Rf8 Ke7 49. Rxf7+ Rxf7 50. Ra8 Kd6 51. Rc8 Kd7 52. Rc4 Kd6 53. c3 a5 54. Kb3 Rf1 55. Ra4 Kd5 56. Kc2 Ke4 57. Rc4 Kd5 58. Rc8 Rh1 59. Kd3 1/2-1/2

[Event "NZL-ch Major op"]
[Site "Auckland"]
[Date "2011.01.09"]
[Round "8"]
[White "Lyall, Simon"]
[Black "Li, Andrew Geng"]
[Result "1/2-1/2"]
[WhiteElo "1695"]
[BlackElo "1354"]
[PlyCount "54"]
[EventDate "2011.01.02"]
[EventType "swiss"]
[EventRounds "11"]
[EventCountry "NZL"]
[SourceTitle "EXT 2018"]
[Source "ChessBase"]
[SourceDate "2017.10.13"]
[SourceVersion "1"]
[SourceVersionDate "2017.10.13"]
[SourceQuality "1"]

1. e4 e6 2. d4 d5 3. e5 c5 4. c3 Nc6 5. Nf3 Qb6 6. a3 Nge7 7. b4 c4 8. Be2 Nf5 9. h4 Be7 10. g4 Nh6 11. g5 Nf5 12. Qc2 Bd7 13. a4 a5 14. b5 Nd8 15. Bf4 Qc7 16. Qd2 b6 17. Rh2 Nb7 18. h5 g6 19. hxg6 fxg6 20. Nh4 Nxh4 21. Rxh4 h5 22. Qe3 0-0-0 23. Qg3 Rdf8 24. Nd2 Qd8 25. Nf3 Rf5 26. Bd1 Rf7 27. Bc2 Rg7 1/2-1/2

[Event "NZL-ch Major op"]
[Site "Auckland"]
[Date "2011.01.07"]
[Round "6"]
[White "Rong, David"]
[Black "Li, Andrew Geng"]
[Result "1/2-1/2"]
[WhiteElo "1604"]
[BlackElo "1354"]
[PlyCount "122"]
[EventDate "2011.01.02"]
[EventType "swiss"]
[EventRounds "11"]
[EventCountry "NZL"]
[SourceTitle "EXT 2018"]
[Source "ChessBase"]
[SourceDate "2017.10.13"]
[SourceVersion "1"]
[SourceVersionDate "2017.10.13"]
[SourceQuality "1"]

1. e4 e6 2. d4 d5 3. e5 c5 4. c3 Nc6 5. Nf3 Qb6 6. a3 Nge7 7. dxc5 Qc7 8. Bb5 a6 9. Ba4 b5 10. cxb6 Qxb6 11. Nd4 Bd7 12. Nxc6 Bxc6 13. Bxc6+ Nxc6 14. Qe2 Qb8 15. Bf4 f6 16. exf6 Qxf4 17. Qxe6+ Ne7 18. fxe7 Bxe7 19. Qc6+ Kf7 20. Qxd5+ Kg6 21. Qe6+ Bf6 22. 0-0 Rhe8 23. Qh3 Re2 24. Qd3+ Qe4 25. Qxe4+ Rxe4 26. Nd2 Re2 27. Rad1 Bg5 28. Nc4 Rc8 29. Rd4 Bf6 30. Rg4+ Kf5 31. Nd6+ Kxg4 32. Nxc8 Rxb2 33. f3+ Kg5 34. Nd6 Kh6 35. Ne4 Rb3 36. Ra1 Bxc3 37. Nxc3 Rxc3 38. Kf2 Kg5 39. Kg3 h5 40. h4+ Kf5 41. Kf2 Kf4 42. g3+ Kf5 43. Ra2 g5 44. Rd2 gxh4 45. Rd5+ Ke6 46. Rxh5 hxg3+ 47. Kxg3 Rxa3 48. Kg4 Ra4+ 49. f4 Kf7 50. Re5 Kf6 51. Rf5+ Kg7 52. Rc5 Kf6 53. Rc6+ Ke7 54. Kg5 Kd7 55. Rb6 a5 56. f5 Re4 57. Ra6 a4 58. f6 Ke8 59. Kf5 Rd4 60. Ra5 Kf8 61. Ke6 Re4+ 1/2-1/2

[Event "NZL-ch Major"]
[Site "Auckland"]
[Date "2010.01.10"]
[Round "9"]
[White "Li, Andrew Geng"]
[Black "Dong, Olivia"]
[Result "1-0"]
[WhiteElo "1159"]
[BlackElo "893"]
[PlyCount "77"]
[EventDate "2010.01.02"]
[EventType "swiss"]
[EventRounds "11"]
[EventCountry "NZL"]
[SourceTitle "CBM 134 Extra"]
[Source "ChessBase"]
[SourceDate "2010.03.03"]
[SourceVersion "1"]
[SourceVersionDate "2010.03.03"]
[SourceQuality "1"]

1. e4 e5 2. Nf3 Nc6 3. Bb5 d6 4. d4 Bd7 5. Nc3 Nf6 6. 0-0 g6 7. Bg5 Bg7 8. Nd5 0-0 9. dxe5 Nxe5 10. Bxd7 Nexd7 11. Re1 Re8 12. c3 c6 13. Nf4 Qc7 14. Bxf6 Bxf6 15. Nd3 Bg7 16. Qb3 Bh6 17. Re2 Ne5 18. Ndxe5 dxe5 19. Rd1 Rad8 20. Ree1 Qe7 21. Qa4 a6 22. b4 Ra8 23. Qb3 Red8 24. a4 b6 25. b5 c5 26. Rd5 Rxd5 27. Qxd5 Ra7 28. Nxe5 Qe8 29. Nc6 Rd7 30. Qe5 Qf8 31. Qb8 Qxb8 32. Nxb8 Rd3 33. bxa6 Bd2 34. Rd1 Rxc3 35. a7 Rc1 36. Rxc1 Bxc1 37. a8Q Bh6 38. Nd7+ Kg7 39. Qf8# 1-0

[Event "NZL-ch Major"]
[Site "Auckland"]
[Date "2010.01.09"]
[Round "8"]
[White "Yao, Winston Yow Jen"]
[Black "Li, Andrew Geng"]
[Result "1-0"]
[WhiteElo "1535"]
[BlackElo "1159"]
[PlyCount "119"]
[EventDate "2010.01.02"]
[EventType "swiss"]
[EventRounds "11"]
[EventCountry "NZL"]
[SourceTitle "CBM 134 Extra"]
[Source "ChessBase"]
[SourceDate "2010.03.03"]
[SourceVersion "1"]
[SourceVersionDate "2010.03.03"]
[SourceQuality "1"]

1. e4 e6 2. d4 d5 3. exd5 exd5 4. Bd3 Nc6 5. Nf3 Nf6 6. 0-0 Bd6 7. Re1+ Be6 8. c4 0-0 9. c5 Be7 10. h3 Nb4 11. Nc3 b6 12. cxb6 cxb6 13. a3 Nxd3 14. Qxd3 h6 15. Ne5 Rc8 16. Be3 Nd7 17. Nxd7 Qxd7 18. Rac1 Rc6 19. Bf4 Re8 20. Qg3 Bd6 21. Bxd6 Rxd6 22. Qe3 Rf8 23. Qe2 Bf5 24. g4 Rg6 25. Kf1 Re6 26. Qf3 Rxe1+ 27. Rxe1 Be6 28. Qe3 b5 29. f4 f5 30. Qxe6+ Qxe6 31. Rxe6 fxg4 32. Ne2 gxh3 33. Re5 g5 34. f5 Kg7 35. Rxd5 a6 36. Kf2 h5 37. Kg3 g4 38. Nf4 Kh6 39. Rd6+ Kg5 40. Ne6+ Kxf5 41. Nxf8 Ke4 42. Ne6 Kf5 43. Rd5+ Kxe6 44. Rxh5 h2 45. Kxh2 Kd6 46. Kg3 Kc6 47. Kxg4 Kd6 48. Kf4 Kc6 49. Ke5 Kd7 50. d5 Ke7 51. d6+ Kd7 52. Rh7+ Kc6 53. d7 Kc5 54. d8Q Kc4 55. Qd4+ Kb3 56. Qc3+ Ka2 57. b4 Kb1 58. Rh1+ Ka2 59. Rh2+ Kb1 60. Qb2# 1-0

[Event "NZL-ch Major"]
[Site "Auckland"]
[Date "2010.01.05"]
[Round "4"]
[White "Li, Andrew Geng"]
[Black "Zhang, William Jie Wen"]
[Result "1-0"]
[WhiteElo "1159"]
[BlackElo "1189"]
[PlyCount "125"]
[EventDate "2010.01.02"]
[EventType "swiss"]
[EventRounds "11"]
[EventCountry "NZL"]
[SourceTitle "CBM 134 Extra"]
[Source "ChessBase"]
[SourceDate "2010.03.03"]
[SourceVersion "1"]
[SourceVersionDate "2010.03.03"]
[SourceQuality "1"]

1. e4 c5 2. Nc3 d6 3. f4 Nc6 4. Nf3 a6 5. Be2 e6 6. d4 cxd4 7. Nxd4 g6 8. Nxc6 bxc6 9. e5 d5 10. Be3 Bg7 11. Bf3 Ne7 12. Na4 0-0 13. Bc5 Re8 14. Bb6 Qd7 15. Nc5 Rb8 16. Nxd7 Bxd7 17. Bd4 Rec8 18. b3 c5 19. Bb2 c4 20. 0-0 cxb3 21. axb3 Bb5 22. Be2 Nf5 23. Bc1 Nd6 24. c4 Be8 25. Rxa6 Ne4 26. Qc2 Nc5 27. Ra3 Ne4 28. Be3 Bf8 29. Raa1 Nc5 30. Rab1 Ne4 31. Qd3 Nc5 32. Qc2 Ne4 33. g4 Bd7 34. Rfd1 Bb4 35. Bd4 Be8 36. Bf3 Nd2 37. Rxd2 Bxd2 38. Qxd2 dxc4 39. Qd1 cxb3 40. Qd3 Rd8 41. Qe3 Kg7 42. Rxb3 Rxb3 43. Qxb3 Rxd4 44. Qe3 Ra4 45. Kg2 Ra2+ 46. Kg3 Ra4 47. Be4 Kf8 48. f5 Ra5 49. Qh6+ Ke7 50. f6+ Kd8 51. Qd2+ Rd5 52. Bxd5 exd5 53. Qxd5+ Kc8 54. e6 fxe6 55. Qxe6+ Bd7 56. Qg8+ Kc7 57. Qxh7 Kd8 58. f7 Ke7 59. Qg7 Kd6 60. f8Q+ Kc6 61. Qxg6+ Kc7 62. Qgd6+ Kb7 63. Qfb8# 1-0

[Event "NZL-ch Major"]
[Site "Auckland"]
[Date "2010.01.04"]
[Round "3"]
[White "Tang, Sean"]
[Black "Li, Andrew Geng"]
[Result "1-0"]
[WhiteElo "1355"]
[BlackElo "1159"]
[PlyCount "41"]
[EventDate "2010.01.02"]
[EventType "swiss"]
[EventRounds "11"]
[EventCountry "NZL"]
[SourceTitle "CBM 134 Extra"]
[Source "ChessBase"]
[SourceDate "2010.03.03"]
[SourceVersion "1"]
[SourceVersionDate "2010.03.03"]
[SourceQuality "1"]

1. c4 e5 2. Nc3 Nc6 3. Nf3 Nf6 4. g3 d5 5. cxd5 Nxd5 6. Bg2 Nxc3 7. bxc3 Bg4 8. Qa4 Bxf3 9. Bxf3 Qd7 10. Rb1 0-0-0 11. Qb5 Qe6 12. Qxb7+ Kd7 13. Rb5 e4 14. Bg2 Rb8 15. Qa6 Qc4 16. Bh3+ Kd6 17. Ba3+ Qc5 18. Bxc5+ Kd5 19. Bxf8+ Kc4 20. Rf5+ Rb5 21. Qxc6+ 1-0

[Event "NZL-ch Major"]
[Site "Auckland"]
[Date "2010.01.03"]
[Round "2"]
[White "Li, Andrew Geng"]
[Black "Holdo, Karl"]
[Result "1/2-1/2"]
[WhiteElo "1159"]
[BlackElo "1714"]
[PlyCount "52"]
[EventDate "2010.01.02"]
[EventType "swiss"]
[EventRounds "11"]
[EventCountry "NZL"]
[SourceTitle "CBM 134 Extra"]
[Source "ChessBase"]
[SourceDate "2010.03.03"]
[SourceVersion "1"]
[SourceVersionDate "2010.03.03"]
[SourceQuality "1"]

1. e4 c5 2. Nc3 d6 3. f4 Nc6 4. Nf3 a6 5. Bc4 Nf6 6. d3 Qc7 7. Be3 e6 8. Qe2 Be7 9. 0-0-0 b5 10. Bb3 Bd7 11. a3 Rb8 12. d4 cxd4 13. Bxd4 Na5 14. Ba2 0-0 15. e5 Ne8 16. Qd3 d5 17. h4 Bc5 18. Ng5 g6 19. h5 Bxd4 20. hxg6 Nf6 21. gxf7+ Rxf7 22. Nxf7 Kxf7 23. Qxd4 Nc6 24. Qd3 Nxe5 25. fxe5 Qxe5 26. g3 a5 1/2-1/2